000 00306nam a22001337a 4500
003 SGT
082 _a615.53
_bP15P
100 _aPATIL.VASANT.C
245 _aPRINCIPLES AND PRACTICE OF PANCAKARMA
260 _aVARANSI
_bCHAUKHAMBHA PUB
_c2015
300 _a716
650 _aPANCAKARMA
942 _2ddc
_cBK
_071
999 _c8357
_d8357